00691nam a22001697a 4500003000400000008004100004020001800045082002000063245012200083260005500205300001100260440003800271700002300309942001200332999001700344952016000361OSt260616b |||||||| |||| 00| 0 eng d a9789358877601 a305.40285bR16B aBridging the Digital Divide: Empowering Women in Rural India through Emerging Technology/bedited by Vishnu D. Rajpur aNew Delhi : bNew India Publishing Agency, c2025. a240 p. aThe professional's note series 06 aRajput, Vishnu D.  2ddccBK c52119d52119 00102ddc4070aRAUbRAUcGENd2026-06-16eFaith Enterprises g2995.00o305.40285 R16Bp88359r2026-06-16w2026-01-22yBKkInvoice No. FE/11/2025-26